Finish That Insult: Movies Quiz Stats

Quiz Updated Nov 8, 2017

Challenge
Share
Tweet
Embed
Score 0/24 Timer 08:00
63 Plays Today
% Correct
You could try Sears.
90.2%
You look like a rube. A well scrubbed, hustling rube with a little taste.
88.5%
for little fairy boys.
87.5%
he could eat soup with a corkscrew.
87.4%
You're a cheat and a swindler!
87.2%
he wouldn't be playing the Minotaur.
87.1%
the doctor turned around and slapped your mother?
86.8%
or are you gonna bite?
85.6%
And you like it!
83.8%
You must be the other guy.
83.7%
I said, ‘what you doing?’ She said, ‘moving’.
83.5%
My bathmat means more to me than you.
83.3%
% Correct
to make me sick.
83.1%
Oh look, you're here too.
81.6%
tourist in the whole world.
81.3%
in a glass jar on a mantlepiece.
80.6%
rat-eating, munge-bucket!
79.5%
goes to college.
79.1%
that white stuff that accumulates at the corner of your mouth when you're really thirsty.
78.3%
as everything else.
72.5%
your mama was a snowblower.
71.4%
you could be a modern art masterpiece!
71.1%
outside of a kennel.
65.6%
Your politics bore me! Your demeanor is that of a pouting child.
60.1%

You're not logged in!

Compare scores with friends on all Sporcle quizzes.
Sign Up with Email
OR
Log In

You Might Also Like...

Show Comments

Extras

Top Quizzes Today


Score Distribution

Your Account Isn't Verified!

In order to create a playlist on Sporcle, you need to verify the email address you used during registration. Go to your Sporcle Settings to finish the process.

Report this User

Report this user for behavior that violates our Community Guidelines.

Details: